<?xml version="1.0" encoding="UTF-8"?><?xml-stylesheet type="text/xsl" href="static/style.xsl"?><OAI-PMH xmlns="http://www.openarchives.org/OAI/2.0/" xmlns:xsi="http://www.w3.org/2001/XMLSchema-instance" xsi:schemaLocation="http://www.openarchives.org/OAI/2.0/ http://www.openarchives.org/OAI/2.0/OAI-PMH.xsd"><responseDate>2026-04-27T21:41:39Z</responseDate><request verb="GetRecord" identifier="oai:uvadoc.uva.es:10324/917" metadataPrefix="marc">https://uvadoc.uva.es/oai/request</request><GetRecord><record><header><identifier>oai:uvadoc.uva.es:10324/917</identifier><datestamp>2025-02-13T12:11:31Z</datestamp><setSpec>com_10324_30605</setSpec><setSpec>com_10324_894</setSpec><setSpec>col_10324_41</setSpec></header><metadata><record xmlns="http://www.loc.gov/MARC21/slim" xmlns:doc="http://www.lyncode.com/xoai" xmlns:xsi="http://www.w3.org/2001/XMLSchema-instance" xmlns:dcterms="http://purl.org/dc/terms/" xsi:schemaLocation="http://www.loc.gov/MARC21/slim http://www.loc.gov/standards/marcxml/schema/MARC21slim.xsd">
<leader>00925njm 22002777a 4500</leader>
<datafield tag="042" ind1=" " ind2=" ">
<subfield code="a">dc</subfield>
</datafield>
<datafield tag="720" ind1=" " ind2=" ">
<subfield code="a">Muñoz Hernández, María del Henar</subfield>
<subfield code="e">author</subfield>
</datafield>
<datafield tag="260" ind1=" " ind2=" ">
<subfield code="c">2012</subfield>
</datafield>
<datafield tag="520" ind1=" " ind2=" ">
<subfield code="a">INTRODUCCIÓN:En el 3-4% de los embarazos a término, el feto se encuentra en presentación podálica, lo que en la mayoría de los centros  en nuestro país, es indicación de cesárea. Cualquier maniobra destinada a reducir la tasa de estas intervenciones quirúrgicas en nuestros hospitales, debería ser tenida muy en cuenta. La  versión cefálica externa (VCE) es una maniobra  recomendada y muy efectiva para convertir estas presentaciones en cefálicas, aunque es bastante dolorosa para la madre. El objetivo de este estudio es evaluar la eficacia y la seguridad del remifentanilo al compáralo con placebo para el tratamiento del dolor en las VCE.MÉTODOS: Ensayo clínico doble ciego, aleatorizado, controlado y paralelo. Se incluyeron a todas las gestantes de 36 y 41 semanas, con presentación no cefálica, que cumplían criterios de inclusión en el estudio. Tras la firma del consentimiento informado las pacientes fueron aleatorizada para recibir:  Paracetamol 1g endovenoso  seguido de remifentanilo en perfusión continua a 0,1 mcg/kg/min, más bolos a 0,1 mcg/kg o Paracetamol 1g endovenoso seguido de placebo. El objetivo principal, el dolor tras el procedimiento se determino según la escala verbal numérica (EVN). RESULTADOS: Se reclutaron 60 pacientes (29 grupo control, 31 grupo intervención). Se observaron diferencias en el EVN al final del proceso (p=0,005) con una media de 6,5±2,4 en el grupo control, y de 4,7±2,5 en el grupo intervención. Sin embargo en el EVN a los 10 minutos (p=0,054) no se observan diferencias. La tasa de éxito global fue del 49%. En el grupo que recibio remifentanilo  se observaron 2 casos de nauseas y vómitos, y uno de somnolencia que se resolvió espontáneamente. En el grupo control se observaron 4 casos: 2 nauseas y vómitos, 1 bradicardia fetal y 1 mareo.CONCLUSIONES: La administración de analgesia endovenosa con remifentanilo en perfusión continua y bolos de rescate a demanda en las VCE, disminuye  significativamente el dolor de las mujeres en las VCE, con un buen perfil de seguridad.</subfield>
</datafield>
<datafield tag="024" ind2=" " ind1="8">
<subfield code="a">http://uvadoc.uva.es/handle/10324/917</subfield>
</datafield>
<datafield tag="024" ind2=" " ind1="8">
<subfield code="a">b1637061</subfield>
</datafield>
<datafield tag="024" ind2=" " ind1="8">
<subfield code="a">10.35376/10324/917</subfield>
</datafield>
<datafield ind1=" " ind2=" " tag="653">
<subfield code="a">Analgesia</subfield>
</datafield>
<datafield ind1=" " ind2=" " tag="653">
<subfield code="a">Remifentanilo-Efectos fisiológicos</subfield>
</datafield>
<datafield ind1=" " ind2=" " tag="653">
<subfield code="a">Parto-Complicaciones y secuelas</subfield>
</datafield>
<datafield tag="245" ind1="0" ind2="0">
<subfield code="a">Remifentanilo como analgésico para las versiones externas en la presentación podálica</subfield>
</datafield>
</record></metadata></record></GetRecord></OAI-PMH>